<?xml version='1.0' encoding='UTF-8'?>
  <record xmlns="http://www.loc.gov/MARC21/slim">
    <leader>00000nem a2200000 i 4500</leader>
    <controlfield tag="001">ocn980447799</controlfield>
    <controlfield tag="003">OCoLC</controlfield>
    <controlfield tag="005">20250512104947.5</controlfield>
    <controlfield tag="008">900606s1762    gw        u     0   lat d</controlfield>
    <datafield tag="040" ind1=" " ind2=" ">
      <subfield code="a">QGJ</subfield>
      <subfield code="b">dut</subfield>
      <subfield code="e">fobidrtb</subfield>
      <subfield code="c">QGJ</subfield>
    </datafield>
    <datafield tag="035" ind1=" " ind2=" ">
      <subfield code="a">(OCoLC)980447799</subfield>
    </datafield>
    <datafield tag="100" ind1="1" ind2=" ">
      <subfield code="a">Lotter, Tobias Conrad,</subfield>
      <subfield code="d">1717-1777.</subfield>
    </datafield>
    <datafield tag="245" ind1="1" ind2="0">
      <subfield code="a">Planisphaerium coeleste secundum restitutionem Hevelianam et Halleianum /</subfield>
      <subfield code="c">Tobias Conrad Lotter.</subfield>
    </datafield>
    <datafield tag="264" ind1=" " ind2="1">
      <subfield code="a">Aug[ustae] Vindel[icorum]</subfield>
      <subfield code="a">Tobias Conrad Lotter ... excudit :</subfield>
      <subfield code="b">[uitgever niet vastgesteld],</subfield>
      <subfield code="c">[ca. 1762]</subfield>
    </datafield>
    <datafield tag="300" ind1=" " ind2=" ">
      <subfield code="a">1 krt.) :</subfield>
      <subfield code="b">kopergrav., in kleur ;</subfield>
      <subfield code="c">48 x 67 cm (26 cm doorsnede halfrond)</subfield>
    </datafield>
    <datafield tag="336" ind1=" " ind2=" ">
      <subfield code="a">cartografische afbeelding</subfield>
      <subfield code="b">cri</subfield>
      <subfield code="2">rdacontent/dut</subfield>
    </datafield>
    <datafield tag="337" ind1=" " ind2=" ">
      <subfield code="a">zonder medium</subfield>
      <subfield code="b">n</subfield>
      <subfield code="2">rdamedia/dut</subfield>
    </datafield>
    <datafield tag="338" ind1=" " ind2=" ">
      <subfield code="a">vel</subfield>
      <subfield code="b">nb</subfield>
      <subfield code="2">rdacarrier/dut</subfield>
    </datafield>
    <datafield tag="500" ind1=" " ind2=" ">
      <subfield code="a">Stereografische projectie, gecentreerd op de noordelijke en zuidelijke eclipticapool, eclipticale en equatoriale coördinaten, uitwendig aangezicht.</subfield>
    </datafield>
    <datafield tag="500" ind1=" " ind2=" ">
      <subfield code="a">Afgebeeld zijn de klassieke sterrenbeelden en de nieuwere sterrenbeelden ingevoerd door Petrus Plancius en Johannes Hevelius. De bijgevoegde diagrammen tonen het geocentrisch wereldbeeld van Claudius Ptolemaeus, het heliocentrisch wereldbeeld van Nicolaus Copernicus, het geo-heliocentrisch wereldbeeld van Tycho Brahe, de schijngestalten van de maan en schema’s ter verklaring van de getijden en de astronomische seizoenen.</subfield>
    </datafield>
    <datafield tag="650" ind1=" " ind2="7">
      <subfield code="a">Sterrenstelsels.</subfield>
      <subfield code="0">(NL-LeOCL)078676509.</subfield>
      <subfield code="2">gtt</subfield>
    </datafield>
    <datafield tag="655" ind1=" " ind2="7">
      <subfield code="a">Kaarten (vorm)</subfield>
      <subfield code="0">(NL-LeOCL)088143554.</subfield>
      <subfield code="2">gtt</subfield>
    </datafield>
    <datafield tag="856" ind1="4" ind2="1">
      <subfield code="u">http://objects.library.uu.nl/reader/resolver.php?obj=002336550&amp;type=2</subfield>
      <subfield code="x">Online</subfield>
      <subfield code="z">Map</subfield>
    </datafield>
    <datafield tag="936" ind1=" " ind2=" ">
      <subfield code="a">BATCHLOAD</subfield>
    </datafield>
  </record>